|
|
|
|
| LEADER |
00000nam0a2200000 4500 |
| 001 |
124897 |
| 005 |
20231101215909.0 |
| 010 |
|
|
|a 9785911316099
|
| 035 |
|
|
|a (RuTPU)RU\TPU\book\135168
|
| 090 |
|
|
|a 124897
|
| 100 |
|
|
|a 20071108d2008 m y0rusy50 ca
|
| 101 |
0 |
|
|a rus
|
| 102 |
|
|
|a RU
|
| 105 |
|
|
|a a j 001zd
|
| 200 |
1 |
|
|a Психология личности
|e учебное пособие
|f Е. Н. Мананикова
|
| 210 |
|
|
|a Москва
|c Дашков и К
|d 2008
|
| 215 |
|
|
|a 220 с.
|c ил.
|
| 320 |
|
|
|a Литература: с. 209-216.
|
| 330 |
|
|
|a В данном пособии определяется круг вопросов, предполагающих получение необходимых знаний по курсу «Психология личности». Рассматриваются базовые характеристики человека: индивид, личность, индивидуальность с учетом отечественных и зарубежных исследований. Для студентов и преподавателей высших учебных заведений.
|
| 600 |
|
1 |
|a Фрейд
|g Зигмунд
|b З.
|f 1856-1939
|c австрийский врач-психиатр
|c психолог
|c основатель психоанализа
|2 stltpush
|3 (RuTPU)RU\TPU\pers\479
|
| 600 |
|
1 |
|a Юнг
|g Карл Густав
|b К. Г.
|f 1875-1961
|c швейцарский психолог
|c философ
|2 stltpush
|3 (RuTPU)RU\TPU\pers\987
|
| 600 |
|
1 |
|a Адлер
|g Альфред
|b А.
|f 1870-1937
|c австрийский врач-психиатр и психолог
|2 stltpush
|3 (RuTPU)RU\TPU\pers\999
|
| 600 |
|
1 |
|a Фромм
|g Эрих
|b Э.
|c немецко-американский философ
|c психолог
|c социолог
|f 1900-1980
|2 stltpush
|3 (RuTPU)RU\TPU\pers\515
|
| 600 |
|
1 |
|a Хорни
|g Карен
|b К.
|c американский психолог немецкого происхождения
|c психопатолог
|c одна из основателей неофрейдизма
|f 1885-1952
|2 stltpush
|3 (RuTPU)RU\TPU\pers\491
|
| 600 |
|
1 |
|a Салливан
|b Х. С.
|g Харри Стэк
|c американский психолог
|f 1892-1949
|2 stltpush
|3 (RuTPU)RU\TPU\pers\12209
|
| 600 |
|
1 |
|a Левин
|b К.
|f 1890-1947
|g Курт
|c немецко-американский психолог
|2 stltpush
|3 (RuTPU)RU\TPU\pers\5955
|
| 600 |
|
1 |
|a Келли
|g Джордж Александер
|c американский психолог
|f 1905-1966
|b Д. А.
|2 stltpush
|3 (RuTPU)RU\TPU\pers\215
|
| 600 |
|
1 |
|a Роджерс
|b К. Р.
|c американский психолог
|f 1902-1987
|g Карл Рэнсом
|2 stltpush
|3 (RuTPU)RU\TPU\pers\1029
|9 455
|
| 606 |
|
|
|a Психология личности
|2 stltpush
|3 (RuTPU)RU\TPU\subj\53136
|9 71486
|
| 610 |
1 |
|
|a личность
|
| 610 |
1 |
|
|a человек
|
| 610 |
1 |
|
|a индивид
|
| 610 |
1 |
|
|a свойства
|
| 610 |
1 |
|
|a социогенез
|
| 610 |
1 |
|
|a индивидуальность
|
| 610 |
1 |
|
|a психоанализ
|
| 610 |
1 |
|
|a аналитическая теория
|
| 610 |
1 |
|
|a социально-психологические теории
|
| 610 |
1 |
|
|a бихевиоризм
|
| 610 |
1 |
|
|a когнитивный подход
|
| 610 |
1 |
|
|a гуманистическая теория
|
| 610 |
1 |
|
|a учебные пособия
|
| 686 |
|
|
|a Ю937я73
|v LBC/SL-A
|2 rubbk
|
| 700 |
|
1 |
|a Мананикова
|b Е. Н.
|g Елена Николаевна
|
| 801 |
|
1 |
|a RU
|b 63413507
|c 20071108
|g PSBO
|
| 801 |
|
2 |
|a RU
|b 63413507
|c 20180801
|g PSBO
|
| 942 |
|
|
|c BK
|
| 959 |
|
|
|a 78/20071106
|d 2
|e 186,89
|f АНЛ:1
|f ЧЗГЛ:1
|